U.S. State Capitals with a Unique Last Letter - Statistics

General Stats
  • This quiz has been taken 735 times
    714 since last reset
  • The average score is 4 of 6
Answer Stats
Last Letter Answer % Correct
X Phoenix
84%
O Sacramento
76%
M Salem
71%
T Frankfort
51%
H Raleigh
49%
L Saint Paul
46%
No matching quizzes found
Score Distribution
Percent of People with Each Score
Percentile by Number Answered
Your Score History
You have not taken this quiz since the last reset